| 000 | 00778am a2200265a 44500 | ||
|---|---|---|---|
| 003 | AR-BaBNM | ||
| 005 | 20251128211135.0 | ||
| 008 | 162120s1976 #AR|||||||||||000 | esp|| | ||
| 040 | _cAR-BaBNM | ||
| 100 | 1 | _aVillegas, Alfredo G. | |
| 245 | 1 | 0 | _aSan Martín en España |
| 260 |
_aBuenos Aires _bAcademia Nacional de la Historia _c1976 |
||
| 300 | _a141 p. | ||
| 500 | _aObra distinguida por la Academia Nacional de la Historia con el Premio República Argentina, 1975 | ||
| 600 | 1 | 4 | _aSan Martín, José de |
| 650 | 4 | _aHISTORIA ARGENTINA | |
| 650 | 4 | _aBIOGRAFIAS | |
| 650 | 4 | _aHISTORIA POLITICA | |
| 650 | 4 | _aHISTORIA DE LAS IDEAS | |
| 650 | 4 | _aCAUDILLOS ARGENTINOS | |
| 650 | 4 | _aPERIODO HISPANICO | |
| 655 | _aBIOGRAFIAS | ||
| 942 | _cBK | ||
| 998 | _cmariana | ||
| 999 |
_c18420 _d18420 |
||